000 00474nam a22001817a 4500
003 CEME
005 20210628201637.0
008 210204b xxu||||| |||| 00| 0 eng d
020 _a81-203-0566-3
040 _c.
082 _a420.21 DIX
100 _aDixson, Robert J
_956148
245 _aEveryday dialogues in english
260 _aNEW DLEHI
_bPRENTICE HALL OF INDIA
_c2004
300 _aXI,189P
650 _aEVERYDAY DIALOGUES IN ENGLISH
_956149
942 _cBK
_2ddc
999 _c566662
_d566662